Διδακτικές οδηγίες και σχέδια διδασκαλιών
Αποθηκεύτηκε σε:
| Κύριος συγγραφέας: | |
|---|---|
| Μορφή: | Βιβλίο |
| Γλώσσα: | Greek |
| Δημοσίευση: |
[Αθήναι] :
Εστία,
[1945].
|
| Θέματα: | |
| Ετικέτες: |
Προσθήκη ετικέτας
Δεν υπάρχουν, Καταχωρήστε ετικέτα πρώτοι!
|
MARC
| LEADER | 00000cam a2200000 i 4500 | ||
|---|---|---|---|
| 001 | 1/94313 | ||
| 008 | 080922s1945 gr | ||| |||| ||gre|| | ||
| 035 | |l 10100336 | ||
| 040 | |a GR-MyUA |b gre |e AACR2 | ||
| 041 | 0 | |a gre | |
| 082 | 0 | |a 370.71 |2 (22) | |
| 100 | 1 | |a Μιχαηλίδης, Κοσμάς Κ. | |
| 245 | 1 | 0 | |a Διδακτικές οδηγίες και σχέδια διδασκαλιών / |c Κοσμά Κ. Μιχαηλίδου. |
| 260 | |a [Αθήναι] : |b Εστία, |c [1945]. | ||
| 300 | |a 160 σ. ; |c 20 εκ. | ||
| 500 | |a Το αντίτυπο της Ρόδου με αριθμό εισαγωγής 152990 είναι δεμένο με: Η διδασκαλία της γεωγραφίας / Max Sorre...[κ.ά.]. - Μέθοδος ιχνογραφίας - ζωγραφικής - διακοσμητικής / Αλέξανδρος Δ. Φαλτάιτς | ||
| 500 | |a Στο αντίτυπο της Σάμου σ. τ. υπάρχει Σχολική Βιβλιοθήκη με αρ. 92. 18-8-57. | ||
| 505 | 0 | |a Τ.1. Το γλωσσικό μάθημα : [ανάγνωσις και ορθογραφία]. | |
| 650 | 0 | 0 | |a Education |x Study and teaching. |
| 650 | 0 | 0 | |a Student teaching. |
| 650 | 0 | 0 | |a Teachers |x Training of. |
| 740 | 0 | 2 | |a Το γλωσσικό μάθημα |
| 852 | |a INST |b RHODES |c AKA |e 20080922 |h 370.71 ΜΙΧ |p 005400028339 |q 005400028339 |t BK |y 0 | ||
| 852 | |a INST |b SAMOS |c PORFYRIADA |e 20150915 |h 370.71 ΜΙΧ |p 005300042697 |q 005300042697 |t NOLOAN |y 23 | ||
| 901 | |a BIBL4-2008-3 | ||
| 909 | |a Ρ |b 152990 | ||
| 970 | |a Κόζα |b Μαρία |z 2008/09/22 | ||